| 000 | 02104nam a2200433 i 4500 | ||
|---|---|---|---|
| 001 | ebr10756205 | ||
| 003 | CaPaEBR | ||
| 006 | m o d | ||
| 007 | cr cn||||||||| | ||
| 008 | 130110s2013 nyuab ob 001 0 eng|d | ||
| 020 | _z9780801451959 (cloth : alk. paper) | ||
| 020 | _z9780801479175 | ||
| 020 | _a9780801469060 (e-book) | ||
| 040 |
_aCaPaEBR _beng _erda _epn _cCaPaEBR |
||
| 035 | _a(OCoLC)859229486 | ||
| 043 |
_af-ug--- _an-us--- |
||
| 050 | 1 | 4 |
_aGN296.5.U33 _bC73 2013eb |
| 082 | 0 | 4 |
_a306.4/61096761 _223 |
| 100 | 1 | _aCrane, Johanna Tayloe. | |
| 245 | 1 | 0 |
_aScrambling for Africa : _bAIDS, expertise, and the rise of American global health science / _cJohanna Tayloe Crane. |
| 264 | 1 |
_aIthaca : _bCornell University Press, _c2013. |
|
| 300 |
_a1 online resource (225 pages) : _billustrations, map. |
||
| 336 |
_atext _2rdacontent |
||
| 337 |
_acomputer _2rdamedia |
||
| 338 |
_aonline resource _2rdacarrier |
||
| 490 | 1 | _aExpertise : cultures and technologies of knowledge | |
| 504 | _aIncludes bibliographical references and index. | ||
| 505 | 0 | _aResistant to treatment -- The molecular politics of HIV -- The turn towards Africa -- Research and development -- Doing global health. | |
| 588 | _aDescription based on print version record. | ||
| 590 | _aElectronic reproduction. Palo Alto, Calif. : ebrary, 2013. Available via World Wide Web. Access may be limited to ebrary affiliated libraries. | ||
| 650 | 0 |
_aMedical anthropology _zUganda. |
|
| 650 | 0 |
_aAIDS (Disease) _xResearch _zUganda. |
|
| 650 | 0 |
_aMedical assistance, American _zUganda. |
|
| 655 | 0 | _aElectronic books. | |
| 776 | 0 | 8 |
_iPrint version: _aCrane, Johanna Tayloe. _tScrambling for Africa : AIDS, expertise, and the rise of American global health science. _dIthaca : Cornell University Press, 2013 _hxiii, 208 pages _kExpertise : cultures and technologies of knowledge _z9780801479175 _w(DLC) 2013001257 |
| 797 | 2 | _aebrary. | |
| 830 | 0 | _aExpertise (Ithaca, N.Y.) | |
| 856 | 4 | 0 |
_uhttp://site.ebrary.com/lib/rucke/Doc?id=10756205 _zAn electronic book accessible through the World Wide Web; click to view |
| 999 |
_c117942 _d117942 |
||